000 00855nam a22002777a 4500
001 BR7404984
003 BR-BrBNA
005 20230928084608.0
007 ta
008 230509b bl.||||| |||| 00| 0 por d
040 _aBR-BrBNA
_bpor
_cBiblioteca Nacional de Agricultura
041 _a(Por)
072 _aE10; E70
_b9000
090 _ 9000 BR7404984
100 1 _aGulbrandsen, O.
110 1 _aAssociacao Internacional de Economistas Agricolas, Sao Paulo, SP (Brasil)
_9635
111 1 _a15. Congresso Internacional de Economistas Agricolas
_cSao Paulo, SP (Brazil)
_d20 Aug 1973
245 1 _aOs principais caminhos da economia mundial
260 3 _aSao Paulo, SP (Brasil):
_c1973.
300 _a14 p.
650 _aMacroeconomia
650 _aComercializacao
650 _aAlimento
909 _a202309
_bLucia
_c55
_dLucia Elande
942 _cBK
999 _c19979
_d19979